Atticus' General Knowledge Quiz #3 - Statistics

General Stats
  • This quiz has been taken 343 times
  • The average score is 6 of 20
Answer Stats
Hint Answer % Correct
Whose real name is Marshall Mathers? Eminem
87%
What international agreement aims at limiting global warming to well below 2ºC by the end of the century, compared to pre-industrial levels? Paris Agreement
60%
What material is Mount Rushmore made of? Granite
55%
Which British king's story is portrayed in the film "The King's Speech"? George VI
47%
What dictator led Panama between 1983 and 1989? Manuel Noriega
47%
In what country were croissants made for the first time? Austria
45%
What strait is located between Indonesia and Malaysia? Strait of Malacca
38%
What dwarf planet is located between Mars and Jupiter? Ceres
36%
What is kirschwasser made of? Cherries
36%
What's the most common surname in Spain? García
26%
What character sings "Holding out for a Hero" in Shrek 2? Fairy Godmother
24%
What was Boticelli's first name? Sandro
22%
What big city is located in the island of Salsette? Mumbai
19%
Who was the President of the European Commission between 2019 and 2024? Ursula von der Leyen
19%
What famous logo was created by John Pasche, a young designer who only got $77 for his work? (hint: it's related to music) Rolling Stones
17%
What actress filmed "Singing in the Rain" together with Gene Kelly and Donald O'Connor? Debbie Reynolds
15%
Who painted The Death of Marat? Jacques-Louis David
13%
What French swimmer won four gold medals in the 2024 Paris Olympics? Léon Marchand
12%
Who wrote "Go tell it in the mountain" and "Giovanni´s Room"? James Baldwin
11%
What "nation" is represented by an orange flag with a horizontal black stripe? Refugee Nation
3%
No matching quizzes found
Score Distribution
Percent of People with Each Score
Percentile by Number Answered
Your Score History
You have not taken this quiz